UBT Library

New states, new politics : (Record no. 128)

000 -LEADER
fixed length control field 01271pam a2200289 a 4500
005 - DATE AND TIME OF LATEST TRANSACTION
control field 20131016073407.0
008 - FIXED-LENGTH DATA ELEMENTS--GENERAL INFORMATION
fixed length control field 960305s1997 enkab b 001 0 eng
020 ## - INTERNATIONAL STANDARD BOOK NUMBER
International Standard Book Number 0521571014
020 ## - INTERNATIONAL STANDARD BOOK NUMBER
International Standard Book Number 0521577993
041 0# - LANGUAGE CODE
Language code of text/sound track or separate title eng
080 ## - UNIVERSAL DECIMAL CLASSIFICATION NUMBER
Universal Decimal Classification number 32
Common auxiliary subdivision (47)
245 00 - TITLE STATEMENT
Title New states, new politics :
Statement of responsibility, etc edited by Ian Bremmer and Ray Taras.
260 ## -
-- Cambridge [England] ;
-- New York :
-- Cambridge University Press,
-- 1997.
300 ## -
-- xxi, 743 p. :
-- ill., maps ;
-- 24 cm.
500 ## -
-- Preface : f. XVII -XXI
500 ## -
-- "Succeeds and replaces Nations [i.e. Nation] and politics in the Soviet successor states, published ... in 1993"--T.p. verso.
504 ## - BIBLIOGRAPHY, ETC. NOTE
Bibliography, etc Includes bibliographical references (p. 718-726) and index.
650 #0 -
-- Nacionalizmi
-- Former Soviet republics.
650 #0 -
-- Politika botërore
-- Bashkimi Sovietik
651 #0 -
-- Former Soviet republics
-- Politics and government.
700 1# -
-- Bremmer, Ian,
-- 1969-
700 1# -
-- Taras, Ray,
-- 1946-
730 0# -
-- Nation and politics in the Soviet successor states.
856 42 -
-- Publisher description
-- http://www.loc.gov/catdir/description/cam027/96012565.html
856 41 -
-- Table of contents
-- http://www.loc.gov/catdir/toc/cam021/96012565.html
942 ## - ADDED ENTRY ELEMENTS (KOHA)
Source of classification or shelving scheme
Item type Books
Holdings
Withdrawn status Lost status Source of classification or shelving scheme Damaged status Not for loan Collection code Permanent location Current location Shelving location Date acquired Total Checkouts Full call number Barcode Date last seen Price effective from Koha item type
          Koleksioni i përgjithshem UBT - Prishtine UBT - Prishtine Koleksioni i përgjithshem 10/16/2013   32 (47) NEW 001-000139 10/16/2013 10/16/2013 Books
UBT Library © 2015-2024. All rights reserved University Education for Business and Technology